00000000nam 2200000zi 4500
0019.946165
003CaOODSP
00520250115085043
006m     o  d f      
007cr |n|||||||||
008241213s1963    onc     ob   f|0| 0 fre d
040 |aCaOODSP|bfre|erda|cCaOODSP
043 |an-cn---
0861 |aNR24-27/1963F-PDF
24500|aCode national de prévention d'incendie Canada, 1963.
250 |a[Première édition 1963.]
264 1|aOttawa : |bConseil national de recherches, Comité associé du Code national des codes nationaux d'incendie, |c1963.
300 |a1 ressource en ligne (1 volume (pagination multiple))
336 |atexte|btxt|2rdacontent/fre
337 |ainformatique|bc|2rdamedia/fre
338 |aressource en ligne|bcr|2rdacarrier/fre
500 |aPublié aussi en anglais sous le titre : National Fire Code of Canada 1963.
500 |aÉdition numérisée de l’imprimé [par Conseil national de recherches Canada].
500 |a« NRC No. 7550 F. »
504 |aComprend des références bibliographiques.
650 6|aIncendies|xPrévention|xDroit|zCanada.
650 6|aIncendies|xExtinction|xDroit|zCanada.
650 6|aIncendies|xPrévention|xNormes|zCanada.
650 6|aIncendies|xExtinction|xNormes|zCanada.
7102 |aConseil national de recherches du Canada. |bComité associé du Code national de prévention des incendies, |eorganisme de publication.
77508|tNational Fire Code of Canada 1963.|w(CaOODSP)9.946162
85640|qPDF|s11.60 Mo|uhttps://publications.gc.ca/collections/collection_2024/cnrc-nrc/NR24-27-1963-fra.pdf